000 00307nam a22001217a 4500
040 _cHS
082 _a634
100 _aNA
245 _aស្ថាប័នអនុវត្តដំណើរការគោលនយោបាយដីធ្លី
260 _aRUA
_bNA
_cNA
300 _a23p;
942 _cKB
999 _c9749
_d9749